[Event "GER-chT Lands U20"]
[Site "Hannover"]
[Date "2023.10.03"]
[Round "4"]
[White "Heinisch, Niklas"]
[Black "Reuter, Elisa"]
[Result "1-0"]
[WhiteElo "1919"]
[BlackElo "1869"]
[PlyCount "105"]
[EventDate "2023.10.01"]
[EventType "team-swiss"]
[EventRounds "7"]
[EventCountry "GER"]
[SourceTitle "EXT 2024"]
[Source "ChessBase"]
[SourceDate "2023.10.10"]
[SourceVersion "1"]
[SourceVersionDate "2023.10.10"]
[SourceQuality "1"]

1. c4 e5 2. Nc3 Nf6 3. g3 Bb4 4. e4 Bxc3 5. dxc3 d6 6. f3 Be6 7. Nh3 h6 8. Nf2 Nbd7 9. Be3 a5 10. f4 exf4 11. gxf4 Qe7 12. Qe2 g6 13. Bg2 c6 14. 0-0-0 0-0-0 15. Rd2 h5 16. h3 Rdf8 17. Rhd1 Ne8 18. Bd4 f6 19. Qd3 Rhg8 20. Qc2 Qd8 21. c5 Qc7 22. cxd6 Nxd6 23. Bf1 Rd8 24. Be3 Nc4 25. Bxc4 Bxc4 26. Qa4 Bb5 27. Qd4 c5 28. Qd6 Qxd6 29. Rxd6 Rge8 30. e5 fxe5 31. Rxg6 exf4 32. Bxf4 Re2 33. Nd3 Nf8 34. Rd6 Rxd6 35. Bxd6 Bxd3 36. Rxd3 Nd7 37. Rd5 Nf6 38. Rf5 Ne4 39. Bxc5 h4 40. Bd4 Ng3 41. Rf4 Re4 42. Rxe4 Nxe4 43. Be3 Kd7 44. Kc2 Kc6 45. Kd3 Kd5 46. a4 Nd6 47. Bg5 Nc4 48. Kc2 Ke4 49. Bxh4 Ne5 50. Bd8 Nc6 51. Bg5 Kf3 52. h4 Kg4 53. Kd3 1-0

[Event "GER-ch U16"]
[Site "Willingen"]
[Date "2023.05.30"]
[Round "4"]
[White "Maul, Maik Joel"]
[Black "Heinisch, Niklas"]
[Result "0-1"]
[WhiteElo "1803"]
[BlackElo "1903"]
[PlyCount "66"]
[EventDate "2023.05.27"]
[EventType "swiss"]
[EventRounds "9"]
[EventCountry "GER"]
[SourceTitle "CBM 214 Extra"]
[Source "ChessBase"]
[SourceDate "2023.07.31"]
[SourceVersion "1"]
[SourceVersionDate "2023.07.31"]
[SourceQuality "1"]

1. d4 d5 2. Nc3 Nf6 3. Bf4 c6 4. e3 Bf5 5. f3 e6 6. g4 Bg6 7. h4 h5 8. g5 Nfd7 9. Bd3 Bxd3 10. Qxd3 g6 11. 0-0-0 Bg7 12. e4 0-0 13. Nge2 Re8 14. Bg3 Na6 15. Kb1 b5 16. Nf4 Qa5 17. exd5 exd5 18. Nxg6 fxg6 19. Qxg6 b4 20. Rhe1 Rxe1 21. Rxe1 Nf8 22. Qxc6 bxc3 23. Qxa8 Nb4 24. a3 cxb2 25. Kxb2 Bxd4+ 26. c3 Nd3+ 27. Ka2 Qb5 28. Qb8 Bb6 29. Re2 Qc4+ 30. Kb1 Qb3+ 31. Ka1 Qxc3+ 32. Kb1 Qb3+ 33. Ka1 Bd4+ 0-1